Biblioteca y Centro de Documentación

Encuesta de hábitos de consumo 2019 (Registro nro. 51391)

Detalles MARC
000 -CABECERA
Longitud fija campo de control 00926nam a2200289.c 4500
001 - NÚMERO DE CONTROL
Número de control 51391
003 - IDENTIFICADOR DE NÚMERO DE CONTROL
Identificador del número de control ES-MaCES
005 - FECHA Y HORA DE LA ÚLTIMA TRANSACCIÓN
Fecha y hora de la última transacción 20191121141733.0
008 - CAMPO FIJO DE DESCRIPCIÓN FIJA--INFORMACIÓN GENERAL
Códigos de información de longitud fija   191121s20 sp ||||| |||| ||||||spa|d
040 ## - FUENTE DE CATALOGACIÓN
Centro catalogador de origen ES-MaCES
Lengua de catalogación spa
Centro transcriptor ES-MaCES
245 00 - MENCIÓN DE TÍTULO
Título Encuesta de hábitos de consumo 2019
Mención de responsabilidad, etc. MPAC, Mesa [de] Participación Asociaciones de Consumidores
260 ## - PUBLICACIÓN, DISTRIBUCIÓN, ETC (PIE DE IMPRENTA)
Lugar de publicación, distribución, etc. [Madrid]
Nombre del editor, distribuidor, etc. MPAC
Fecha de publicación, distribución, etc. [2019]
300 ## - DESCRIPCIÓN FÍSICA
Extensión 110 p.
Otras características físicas gráf., mapas col.
Dimensiones 30 cm
650 #4 - ASIENTO SECUNDARIO DE MATERIA--TÉRMINO DE MATERIA
9 (RLIN) 27907
Término de materia o nombre geográfico como elemento inicial consumo
650 #4 - ASIENTO SECUNDARIO DE MATERIA--TÉRMINO DE MATERIA
9 (RLIN) 27902
Término de materia o nombre geográfico como elemento inicial consumidor
650 #4 - ASIENTO SECUNDARIO DE MATERIA--TÉRMINO DE MATERIA
9 (RLIN) 27903
Término de materia o nombre geográfico como elemento inicial comportamiento del consumidor
650 #4 - ASIENTO SECUNDARIO DE MATERIA--TÉRMINO DE MATERIA
9 (RLIN) 27904
Término de materia o nombre geográfico como elemento inicial demanda de consumo
650 #4 - ASIENTO SECUNDARIO DE MATERIA--TÉRMINO DE MATERIA
9 (RLIN) 29385
Término de materia o nombre geográfico como elemento inicial estilo de vida
650 #4 - ASIENTO SECUNDARIO DE MATERIA--TÉRMINO DE MATERIA
9 (RLIN) 26964
Término de materia o nombre geográfico como elemento inicial España
650 #4 - ASIENTO SECUNDARIO DE MATERIA--TÉRMINO DE MATERIA
9 (RLIN) 30768
Término de materia o nombre geográfico como elemento inicial Comunidades Autónomas
650 #4 - ASIENTO SECUNDARIO DE MATERIA--TÉRMINO DE MATERIA
9 (RLIN) 39571
Término de materia o nombre geográfico como elemento inicial 2019
650 #4 - ASIENTO SECUNDARIO DE MATERIA--TÉRMINO DE MATERIA
9 (RLIN) 28856
Término de materia o nombre geográfico como elemento inicial encuesta
653 10 - TÉRMINO DE INDEXACIÓN--NO CONTROLADO
Término no controlado Consumo
710 22 - ENCABEZAMIENTO SECUNDARIO--NOMBRE CORPORATIVO
9 (RLIN) 39665
Nombre de entidad o nombre de jurisdicción como elemento inicial Mesa de Participación Asociaciones de Consumidores
902 ## - CES. TIPO DE DOCUMENTO
Tipodoc (006$c Sirtex) DOC Literatura gris
942 ## - ELEMENTOS KOHA
Fuente de clasificaión o esquema Clasificación propia del CES
Koha [por defecto] tipo de item Monografías
Parte de clasificación Consumo
Existencias
Número de registro Signatura completa Tipo de item de Koha
091879 DOC-3.2.-31 Monografías
© CES, Consejo Económico y Social de España 2021